| 000 | 00445nam a22001575i 4500 | ||
|---|---|---|---|
| 001 | 172045 | ||
| 003 | ES-MaACL | ||
| 005 | 20230906214812.0 | ||
| 008 | 090612s1929 fr |||| | fre d | ||
| 100 | 1 |
_aSouriau, Maurice. _9140649 |
|
| 245 | 1 | 0 |
_aHistoire du Parnasse / _cMaurice Souriau. |
| 260 |
_aParis : _bÉd. Spes, _c1929. |
||
| 300 |
_aLIV-466 p. ; _c25 cm. |
||
| 650 | 1 | 4 |
_aPoesía francesa- _yS.XIX. _9140650 |
| 852 |
_aES-MaACL _jA-2053 |
||
| 999 |
_c172045 _d172045 |
||